| 000 -LEADER |
| fixed length control field |
01161cam a2200229Ki 4500 |
| 082 ## - DEWEY DECIMAL CLASSIFICATION NUMBER |
| Classification number |
625.76 |
| Author Mark |
REP |
| 100 1# - MAIN ENTRY--PERSONAL NAME |
| Personal name |
Koop, Delmo E. |
| 9 (RLIN) |
43741 |
| 245 10 - TITLE STATEMENT |
| Title |
Optimizing maintenance activities |
| Remainder of title |
tenth report, repair of concrete pavement joints : combined state studies of selected maintenance activities : a cooperative analysis by teams from Iowa, Kansas, Nebraska, South Dakota / |
| Statement of responsibility, etc. |
Delmo E. Koop, John E. Anderson. |
| 260 ## - PUBLICATION, DISTRIBUTION, ETC. |
| Place of publication, distribution, etc. |
Washington : |
| Name of publisher, distributor, etc. |
Federal Highway Administration, Offices of Research and Development, Implementation Division ; |
| Place of publication, distribution, etc. |
Springfield, Va. : |
| Name of publisher, distributor, etc. |
Available through the National Technical Information Service, |
| Date of publication, distribution, etc. |
1980. |
| 300 ## - PHYSICAL DESCRIPTION |
| Extent |
1 online resource (vi, 37 p.) : |
| Other physical details |
ill. |
| 490 1# - SERIES STATEMENT |
| Series statement |
Report - Federal Highway Administration ; |
| 500 ## - GENERAL NOTE |
| General note |
Contract no. DOT-FH-9277. |
| 500 ## - GENERAL NOTE |
| General note |
Cover title. |
| 500 ## - GENERAL NOTE |
| General note |
FCP category 7. |
| 500 ## - GENERAL NOTE |
| General note |
U.S. Federal Highway Administration, its R & D report no. P-0249. |
| 526 ## - STUDY PROGRAM INFORMATION NOTE |
| Program name |
0 |
| Interest level |
0 |
| Reading level |
0 |
| Title point value |
625_760000000000000_REP |
| 650 ## - SUBJECT ADDED ENTRY--TOPICAL TERM |
| Topical term or geographic name entry element |
MCE |
| 9 (RLIN) |
379 |
| 700 1# - ADDED ENTRY--PERSONAL NAME |
| Personal name |
Anderson, John E., |
| 9 (RLIN) |
43742 |
| 710 1# - ADDED ENTRY--CORPORATE NAME |
| Corporate name or jurisdiction name as entry element |
United States. |
| 9 (RLIN) |
21185 |
| 856 40 - ELECTRONIC LOCATION AND ACCESS |
| Uniform Resource Identifier |
<a href="http://catalog.hathitrust.org/api/volumes/oclc/6244534.html">http://catalog.hathitrust.org/api/volumes/oclc/6244534.html</a> |
| 942 ## - ADDED ENTRY ELEMENTS (KOHA) |
| Source of classification or shelving scheme |
|
| Koha item type |
Book |